កម្រង សំណួរ-ចម្លើយ ៤៤៤​ ជីវវិទ្យា ថ្នាក់ទី១២ គ្រប់មេរៀន / (Record no. 6707)

MARC details
000 -LEADER
fixed length control field 01408nam a22002297a 4500
001 - CONTROL NUMBER
control field 6707
003 - CONTROL NUMBER IDENTIFIER
control field FISKH
005 - DATE AND TIME OF LATEST TRANSACTION
control field 20250521124333.0
008 - FIXED-LENGTH DATA ELEMENTS--GENERAL INFORMATION
fixed length control field 250521b cb ||||| |||| 00| 0 eng d
040 ## - CATALOGING SOURCE
Original cataloging agency FISKH
Language of cataloging khr
Transcribing agency FISKH
Modifying agency FISKH
082 ## - DEWEY DECIMAL CLASSIFICATION NUMBER
Classification number 570
100 ## - MAIN ENTRY--PERSONAL NAME
Personal name Sopheak, Van
245 ## - TITLE STATEMENT
Title កម្រង សំណួរ-ចម្លើយ ៤៤៤​ ជីវវិទ្យា ថ្នាក់ទី១២ គ្រប់មេរៀន /
Statement of responsibility, etc. រៀបរៀងដោយ : វ៉ាន់​​ សុភ័ក្រ្ត
260 ## - PUBLICATION, DISTRIBUTION, ETC.
Place of publication, distribution, etc. ភ្នំពេញ :
Name of publisher, distributor, etc. បាក់ទូក ថតចំលង ,
Date of publication, distribution, etc. ២០១៦ .
300 ## - PHYSICAL DESCRIPTION
Extent 109 pages :
Other physical details illustrations ;
Dimensions 21 cm .
520 ## - SUMMARY, ETC.
Summary, etc. សៀវភៅ «សំណួរ-ចំលើយ ជីវវិទ្យា ថ្នាក់ទី ១២» គឺជាវត្ថុអប់រំដ៏មានតម្លៃមួយ ដែលរៀបចំឡើងដើម្បីជួយសិស្សក្នុងការរៀបចំខ្លួនសម្រាប់ការប្រឡងជីវវិទ្យា ថ្នាក់ទី ១២។
520 ## - SUMMARY, ETC.
Summary, etc. The book (Biology Question & Answer for Grade 12) is a valuable resource designed to aid students in preparing for their Grade 12 biology examinations.
650 ## - SUBJECT ADDED ENTRY--TOPICAL TERM
Topical term or geographic name entry element ជីវវិទ្យា​
650 ## - SUBJECT ADDED ENTRY--TOPICAL TERM
Topical term or geographic name entry element Biology
942 ## - ADDED ENTRY ELEMENTS (KOHA)
Source of classification or shelving scheme Dewey Decimal Classification
Koha item type Khmer Books
Suppress in OPAC No
Holdings
Withdrawn status Lost status Source of classification or shelving scheme Damaged status Not for loan Collection Home library Current library Shelving location Date acquired Total Checkouts Full call number Barcode Date last seen Price effective from Koha item type
    Dewey Decimal Classification     Khmer Language Books / សៀវភៅភាសាខ្មែរ Footprints International School Library Network Toul Tom Poung Campus Footprints International School Library Network Toul Tom Poung Campus TTP Secondary Khmer Bookshelves 05/21/2025   SOP 570 2025-1349 05/21/2025 05/21/2025 Khmer Books